Statistieken voor Bekende Geografie op een Kaart

Klik hier om de quiz te nemen!

Algemene statistieken

  • Deze quiz is 3.602 keer genomen
  • De gemiddelde score is 173 van 200

Antwoorden op de kaart

Antwoorden kleurgecodeerd door een groen-rode schaal op de quizkaart volgens % correct hieronder.
 

Antwoordstatistieken

TypeAntwoorden% Correct
LandNederland
98%
TaalDuits
97%
LandVerenigde Staten
97%
LandCanada
96%
LandMexico
96%
HoofdstadMexico-Stad
96%
HoofdstadAmsterdam
95%
LandBelgië
95%
LandBrazilië
95%
TaalNederlands
95%
LandRusland
95%
TaalSpaans
95%
LandAustralië
94%
LandChina
94%
TaalChinees
94%
LandFrankrijk
94%
LandIJsland
94%
TaalItaliaans
94%
LandItalië
94%
LandPortugal
94%
LandSpanje
94%
LandArgentinië
93%
HoofdstadBrussel
93%
LandDenemarken
93%
LandDuitsland
93%
LandFinland
93%
LandIndia
93%
LandJapan
93%
HoofdstadMadrid
93%
LandNoorwegen
93%
HoofdstadParijs
93%
LandPolen
93%
TaalPortugees
93%
LandVerenigd Koninkrijk
93%
LandZuid-Afrika
93%
LandZweden
93%
LandChili
92%
LandIerland
92%
LandIndonesië
92%
LandMarokko
92%
Stad | SubdivisieNew York
92%
LandNieuw-Zeeland
92%
TaalNoors
92%
TaalPools
92%
HoofdstadRome
92%
TaalRussisch
92%
LandTurkije
92%
LandBelarus
91%
HoofdstadBerlijn
91%
TaalDeens
91%
LandEgypte
91%
LandEstland
91%
TaalFries
91%
LandGriekenland
91%
LandKroatië
91%
LandLetland
91%
LandLitouwen
91%
HoofdstadLonden
91%
Hoofdstad | LandLuxemburg
91%
LandMadagaskar
91%
LandMongolië
91%
HoofdstadMoskou
91%
LandOekraïne
91%
LandOostenrijk
91%
LandZuid-Korea
91%
LandZwitserland
91%
ContinentAfrika
90%
TaalArabisch
90%
ContinentAzië
90%
ContinentEuropa
90%
LandIran
90%
HoofdstadLissabon
90%
ContinentNoord-Amerika
90%
LandNoord-Korea
90%
StadRotterdam
90%
LandTsjechië
90%
HoofdstadWashington D.C.
90%
ContinentZuid-Amerika
90%
SubdivisieAlaska
89%
LandAlgerije
89%
LandAndorra
89%
StadAntwerpen
89%
LandIrak
89%
LandKazachstan
89%
LandMonaco
89%
ContinentOceanië
89%
LandPeru
89%
LandSaoedi-Arabië
89%
SubdivisieWashington
89%
LandBolivia
88%
LandBosnië en Herzegovina
88%
LandBulgarije
88%
LandColombia
88%
HoofdstadDublin
88%
LandHongarije
88%
ZeeNoordzee
88%
LandRoemenië
88%
LandSlowakije
88%
LandSuriname
88%
SubdivisieTexas
88%
LandThailand
88%
HoofdstadTokio
88%
LandUruguay
88%
LandVenezuela
88%
LandAlbanië
87%
ContinentAntarctica
87%
HoofdstadAthene
87%
SubdivisieFriesland
87%
Stad | SubdivisieGroningen
87%
LandLiechtenstein
87%
SubdivisieLimburg
87%
HoofdstadOslo
87%
LandParaguay
87%
LandServië
87%
LandSlovenië
87%
LandTunesië
87%
LandVietnam
87%
LandCuba
86%
LandDemocratische Republiek Congo
86%
TaalEngels
86%
LandRepubliek Congo
86%
LandSan Marino
86%
Stad | SubdivisieUtrecht
86%
StadBarcelona
85%
StadDen Haag
85%
LandEcuador
85%
LandFilipijnen
85%
SubdivisieFlorida
85%
LandKosovo
85%
LandLibië
85%
SubdivisieNoord-Brabant
85%
LandNoord-Macedonië
85%
LandPakistan
85%
TaalServo-Kroatisch
85%
LandVaticaanstad
85%
SubdivisieVlaanderen
85%
SubdivisieZeeland
85%
LandAfghanistan
84%
LandMalta
84%
LandMontenegro
84%
LandNepal
84%
LandNiger
84%
LandSyrië
84%
LandCyprus
83%
LandNigeria
83%
SubdivisieNoord-Holland
83%
LandOman
83%
LandPanama
83%
HoofdstadPeking
83%
HoofdstadReykjavik
83%
LandSoedan
83%
LandBangladesh
82%
LandEthiopië
82%
LandMali
82%
StadRio de Janeiro
82%
StadSydney
82%
SubdivisieWallonië
82%
SubdivisieZuid-Holland
82%
SubdivisieCalifornië
81%
LandIsraël
81%
LandLaos
81%
StadMilaan
81%
LandPapoea-Nieuw-Guinea
81%
HoofdstadBrasilia
80%
HoofdstadCaïro
80%
LandCambodja
80%
LandDominicaanse Republiek
80%
LandMaleisië
80%
LandTaiwan
80%
LandZuid-Soedan
80%
LandKenia
79%
LandMyanmar
79%
LandAngola
78%
LandBahama's
78%
StadGent
78%
HoofdstadSeoel
78%
StadEindhoven
77%
LandSingapore
77%
HoofdstadBuenos Aires
75%
StadLeeuwarden
75%
RivierRijn
75%
LandZambia
75%
HoofdstadDelhi
73%
StadLelystad
73%
StadMaastricht
73%
HoofdstadJakarta
72%
StadIstanboel
71%
SubdivisieHawaï
68%
EilandTexel
68%
LandOost-Timor
65%
SubdivisieTasmanië
63%
EilandTerschelling
63%
HoofdstadAlgiers
62%
EilandAmeland
62%
StadLeuven
58%
SubdivisieCorsica
57%

Scoreverdeling

Percentiel versus Aantal Correcte Antwoorden

Procent van Mensen met Elke Score

Uw Scoregeschiedenis

U heeft deze quiz nog niet genomen